Statistics for Five Biggest Producing Countries By Product #4

Click here to take the quiz!

General Stats

  • This quiz has been taken 3,180 times
    (2,264 since last reset)
  • The average score is 16 of 21

Answer Stats

Country% Correct
China
100%
United States
99%
India
98%
Brazil
97%
United Kingdom
95%
Indonesia
92%
Russia
91%
Japan
91%
Germany
88%
France
88%
Canada
88%
Vietnam
84%
Thailand
83%
Colombia
78%
Pakistan
76%
Bangladesh
67%
Ukraine
56%
Sri Lanka
50%
Kenya
39%
Norway
27%
Zimbabwe
11%

Score Distribution

Percentile by Number Answered

Percent of People with Each Score

Your Score History

You have not taken this quiz since the last reset